Carl Schmitt o el mito de lo político
Saved in:
| Hovedforfatter: | |
|---|---|
| Format: | Bog |
| Sprog: | spansk |
| Udgivet: |
Buenos Aires
Nueva Visión
2010
|
| Udgivelse: | 1a. ed |
| Serier: | Claves
|
| Fag: | |
| Tags: |
Tilføj Tag
Ingen Tags, Vær først til at tagge denne postø!
|
MARC
| LEADER | 00000nam a2200000 a 4500 | ||
|---|---|---|---|
| 001 | UCG6810 | ||
| 003 | CL-VaPUC | ||
| 008 | 110520e20100000AG |||||||||||||||||spa|d | ||
| 020 | |a 9789506026066 | ||
| 082 | 0 | 4 | |a 320.01 |b ZAR |2 21 |
| 100 | 0 | |a Zarka, Yves Charles |e author |9 557202 | |
| 245 | 1 | 0 | |a Carl Schmitt o el mito de lo político |
| 250 | |a 1a. ed | ||
| 300 | |a 155 p | ||
| 942 | |c BK | ||
| 945 | |d 20110520 00:00:00 |a jcampos | ||
| 260 | |a Buenos Aires |b Nueva Visión |c 2010 | ||
| 650 | 7 | |a FILOSOFIA POLITICA |2 CL-VaPUC |9 557203 | |
| 650 | 7 | |a TEORIA POLITICA |2 CL-VaPUC |9 557204 | |
| 650 | 0 | |a Ordenamiento jurídico |9 355371 | |
| 583 | |a last modification |c 20170614 09:28:43 |k Rodrigo Vera | ||
| 490 | 0 | |a Claves | |
| 999 | |c 344941 |d 344939 | ||
| 952 | |0 0 |1 0 |4 0 |6 320_010000000000000_ZAR_2010 |7 0 |8 A |9 443307 |a BIBHIS |b BIBHIS |d 2019-11-22 |i 4779053 |o 320.01 ZAR 2010 |p 4779053 |r 2025-01-20 |w 2019-11-22 |y BK |k HIS | ||